000 00625nam a22002417a 4500
003 UA-OsUOA
001 96298
007 ta
008 20130318b un ||||| |||| 00| 0 ukr d
100 _aЛяховецкий М.
700 _aРудник В.
090 _a821.161.1
_bЛ98
942 _cBK
040 _aUA-OsUOA
_brus
_cUA-OsUOA
_dUA-OsUOA
245 _aВ небе - Уточкин !
300 _a143 с.
955 _a3
041 _arus
080 _a821.161.1
260 _aОдесса
_bМаяк
_c1985
650 7 _a82 Література. Літературознавство
_2UDC
999 _c382555
_d382555